Makroekonomické modelování dluhodobého rozvoje výrobní a nevýrobní sfry s hmotně hodnotovými aspekty SPEV 901 111 207

Guardado en:
Detalles Bibliográficos
Formato: Libro
Lenguaje:checo
Publicado: Praha Ústřední ústav národohospodářského výzkumu 1988
Edición:1. vyd.
Etiquetas: Agregar Etiqueta
Sin Etiquetas, Sea el primero en etiquetar este registro!

MARC

LEADER 00000nam a2200000 4500
001 c032292
005 20221219085310.4
041 0 |a cze 
044 |a CZ 
245 1 0 |a Makroekonomické modelování dluhodobého rozvoje výrobní a nevýrobní sfry s hmotně hodnotovými aspekty  |b SPEV 901 111 207 
250 |a 1. vyd. 
264 1 |a Praha  |b Ústřední ústav národohospodářského výzkumu  |c 1988 
300 |a 152 s.